| 000 | 00730nam a22002177a 4500 | ||
|---|---|---|---|
| 010 | _a707301 | ||
| 035 | _a707301 | ||
| 037 | _aCen Lib/Ret | ||
| 040 |
_aDPL _bEN |
||
| 082 |
_a712.620954 _bCRO |
||
| 100 |
_aCrowe, Sylvia _9113468 |
||
| 245 |
_aThe gardens of mughul India _ba history and guide _cby Sylvia Crowe, Sheila Haywood [and] Susan Jellicoe... [et. al.] |
||
| 260 |
_aDelhi _bVikas Publishing House Pvt. Ltd _c1972 |
||
| 300 |
_a200p ; _b24cm(Hb) |
||
| 650 |
_aGardens, Mogul. _9113469 |
||
| 650 |
_aGardens -- India. _924657 |
||
| 650 |
_aIndia -- History -- 1526-1765. _9113470 |
||
| 700 |
_aHaywood, Sheila _9113471 |
||
| 700 |
_aJellicoe, Susan _9113472 |
||
| 942 |
_2ddc _cEN _h712.620954 _mCRO |
||
| 999 |
_c136184 _d136184 |
||